Zákon o ochrane pred dumpingom pri dovoze tovaru do SR

Obmedzenie možnosti prechodu rizík zneužitia antidumpingových opatrení. Prijatie antidumpingového opatrenia. Ciele antidumpingového konania. Výber antidumpingových ciel.

Guardado en:
Detalles Bibliográficos
Autor principal: Kubicová, Jana, 1961-
Formato: Capítulo de libro
Lenguaje:eslovaco
Materias:
Etiquetas: Agregar Etiqueta
Sin Etiquetas, Sea el primero en etiquetar este registro!

MARC

LEADER 00000naa a2200000 4500
001 r033016
005 20230911132015.7
041 0 |a slo 
044 |a SK 
245 1 0 |a Zákon o ochrane pred dumpingom pri dovoze tovaru do SR  |c Jana Kubicová 
520 |a Obmedzenie možnosti prechodu rizík zneužitia antidumpingových opatrení. Prijatie antidumpingového opatrenia. Ciele antidumpingového konania. Výber antidumpingových ciel. 
610 2 0 |a antidumping 
610 2 0 |a konkurencia 
610 2 0 |a dovoz 
610 2 0 |a clá antidumpingové 
610 2 0 |a Slovensko 
610 2 0 |a dumping 
610 2 0 |a riziko 
100 1 |a Kubicová, Jana, 1961-